| 000 | 00871nam a2200217 a 4500 | ||
|---|---|---|---|
| 003 | 0 | ||
| 005 | 20250320124859.0 | ||
| 008 | 060802s19uu xx 00 eng d | ||
| 050 |
_aPGS HQ 789.P47 _b.Ot87 2006 |
||
| 100 | _aOtake, Lorraine G. | ||
| 245 |
_aPerception of lower school students on children's rights / _cLorraine G. Otake. |
||
| 260 |
_aLas PiƱas City, Philippines : _bSouthville International School and Colleges, _c2006. |
||
| 300 |
_a28 pages : _billustrations ; _c28 cm. |
||
| 504 | _aIncludes bibliographical references. | ||
| 650 |
_aChildren's rights _vPublic opinion |
||
| 650 |
_aStudents _vAttitudes toward children's rights . |
||
| 650 |
_aEducation _vChildren's rights awareness. |
||
| 650 |
_aHuman rights education _vPerception among students. |
||
| 650 |
_aChild advocacy _vAwareness and perception in schools. |
||
| 942 |
_2lcc _cPASS |
||
| 999 |
_c97531 _d97531 |
||